Pays qui commencent par la lettre G - Statistiques

Statistiques générales
  • Ce quiz a été pris 1 347 fois
  • Le résultat moyen est 9 sur 11
Statistiques - réponses
Continent Pays % Correct
Afrique Guinée
89%
Afrique Gabon
88%
Amérique Guatemala
88%
Asie Géorgie
87%
Afrique Ghana
82%
Afrique Guinée équatoriale
82%
Europe Grèce
81%
Afrique Guinée-Bissau
81%
Afrique Gambie
74%
Amérique Guyana
74%
Amérique Grenade
66%
Aucun quiz correspondant
Distribution des résultats
% des personnes avec chaque résultat
Percentile par nombre de réponses
Votre historique - résultats
Vous n’avez pas pris ce quiz